La estructura
সংরক্ষণ করুন:
| প্রধান লেখক: | |
|---|---|
| বিন্যাস: | গ্রন্থ |
| ভাষা: | স্প্যানিশ |
| প্রকাশিত: |
Barcelona
Blume
1975
|
| মালা: | Biblioteca Básica de la Construcción
|
| বিষয়গুলি: | |
| ট্যাগগুলো: |
ট্যাগ যুক্ত করুন
কোনো ট্যাগ নেই, প্রথমজন হিসাবে ট্যাগ করুন!
|
MARC
| LEADER | 00000nam a2200000 a 4500 | ||
|---|---|---|---|
| 001 | UCU6307 | ||
| 003 | CL-VaPUC | ||
| 008 | 960614e19750000SP |||||||||||||||||spa|d | ||
| 082 | 0 | 4 | |a 624.171 |b ROS |2 21 |
| 100 | 0 | |a Rosenthal, H. Werner |e author |9 364511 | |
| 245 | 1 | 3 | |a La estructura |
| 300 | |a 159 p | ||
| 942 | |c BK | ||
| 945 | |d 19960614 00:00:00 |a paguirre | ||
| 260 | |a Barcelona |b Blume |c 1975 | ||
| 650 | 0 | |a Estructuras |9 271908 | |
| 650 | 0 | |a Propiedades mecánicas |9 262507 | |
| 650 | 0 | |a Hormigones |9 262546 | |
| 650 | 7 | |a HORMIGON ARMADO |2 CL-VaPUC |9 364512 | |
| 650 | 7 | |a ELASTICIDAD |2 CL-VaPUC |9 266503 | |
| 650 | 0 | |a Plasticidad |9 262659 | |
| 583 | |a last modification |c 19960614 00:00:00 |k Rodrigo Vera | ||
| 490 | 0 | |a Biblioteca Básica de la Construcción | |
| 999 | |c 249302 |d 249300 | ||
| 952 | |0 0 |1 0 |4 0 |6 624_171000000000000_ROS_1975 |7 0 |8 A |9 266493 |a BIBING |b BIBING |d 2019-11-19 |i 1683306 |o 624.171 ROS 1975 |p 1683306 |r 2025-01-20 |w 2019-11-19 |y BK |k CCL | ||